Statistics for Star Wars: Episode I The Phantom Menace A-Z

Click here to take the quiz!

General Stats

  • This quiz has been taken 35 times
  • The average score is 16 of 25

Answer Stats

LetterHintAnswer% Correct
AForce-sensitive slave boy from tatooineAnakin Skywalker
100%
CForce-sensitive slave boy from tatooine is thought to be the...Chosen One
100%
NPlanet that is home to the city TheedNaboo
100%
DSith apprentice with a double-bladed lightsaberDarth Maul
97%
FThere's always a bigger...Fish
97%
QJedi Master of Padawan Obi-Wan KenobiQui-Gon Jinn
97%
PQueen who accompanies the JediPadmé Amidala
94%
GBoss Nass is a member of this speciesGungan
88%
JThe ability to speak does not make him intelligentJar Jar Binks
85%
SPodracer of the Dug speciesSebulba
82%
BRobots designed for combatBattle Droid
76%
MMicroscopic, intelligent life forms that give people the power of the forceMidi-chlorian
76%
TAn interstellar shipping and trade conglomerate run by Nute GunrayTrade Federation
76%
WToydarian junk dealer and human traffickerWatto
73%
YMember of the Jedi High Council, same species as YodaYaddle
73%
KCerean Jedi Master and member of the Jedi High CouncilKi Adi Mundi
61%
ZSpecies of the Sith apprentice with a double-bladed lightsaberZabrak
55%
VUnmanned model of droid starfighterVulture Droid
48%
OUnderwater city in Lake PaongaOtoh Gunga
27%
IJedi High Council member Saesee Tiin is this speciesIktotchi
18%
LJedi High Council member Even Piell is this speciesLannik
18%
HViceroy Nute Gunray's right hand manRune {Haako}
15%
EQuadruped mammalian herbivores native to TatooineEopie
12%
XPodracer Gasgano is a member of this speciesXexto
9%
ROne of the Queen's handmaidensRabene Tonsort
0%

Score Distribution

Percentile by Number Answered

Percent of People with Each Score

Your Score History

You have not taken this quiz